Čas na audit síl a vedomostí
Strata zamestnania je životnou situáciou, ktorá vytvára ťažko zvládnuteľný stres. Možno ju vnímať aj ako výzvu do ďalšieho boja o miesto na výslní. Rady pre zvládnutie situácie.
Saved in:
| Main Author: | |
|---|---|
| Format: | Book Chapter |
| Language: | Slovak |
| Subjects: | |
| Tags: |
No Tags, Be the first to tag this record!
|
MARC
| LEADER | 00000naa$a2200000$$$4500 | ||
|---|---|---|---|
| 001 | 0026571 | ||
| 005 | 20231004125917.2 | ||
| 041 | 0 | |a slo | |
| 044 | |a SK | ||
| 245 | 1 | 0 | |a Čas na audit síl a vedomostí |c Andrea Chalupová |
| 520 | |a Strata zamestnania je životnou situáciou, ktorá vytvára ťažko zvládnuteľný stres. Možno ju vnímať aj ako výzvu do ďalšieho boja o miesto na výslní. Rady pre zvládnutie situácie. | ||
| 610 | 2 | 0 | |a zamestnanie |
| 610 | 2 | 0 | |a strata |
| 610 | 2 | 0 | |a nezamestnanosť |
| 610 | 2 | 0 | |a nezamestnaní |
| 610 | 2 | 0 | |a trh práce |
| 610 | 2 | 0 | |a prepúšťanie pracovníkov |
| 610 | 2 | 0 | |a stresy |
| 610 | 2 | 0 | |a rodina |
| 610 | 2 | 0 | |a vzdelávanie |
| 610 | 2 | 0 | |a informácie |
| 610 | 2 | 0 | |a vedomosti |
| 100 | 1 | |a Chalupová, Andrea | |